000 00686nam a2200289Ia 4500
005 20260324131555.0
008 008 260324s9999 xx 000 0 eng d
020 _a9780203961513
037 _aEBOOK
040 _aCRL
040 _beng
040 _cCRL
041 _2eng
041 _aeng
084 _qCRL
100 _aMichael D.C. Drout
_91186013
245 0 _aJ.R.R. Tolkien Encyclopedia
245 0 _bScholarship and Critical Assessment
260 _bTaylor and Francis
260 _c2006
365 _a
365 _b360
856 _uhttp://www.taylorfrancis.com/books/9780203961513
942 _cEBOOK
999 _c1783315
_d1783315